Interrupción de la prescripción por demanda
Guardat en:
| Autor principal: | |
|---|---|
| Format: | Llibre |
| Idioma: | espanyol |
| Publicat: |
Córdoba
Universidad Nacional de Córdoba
1968
|
| Matèries: | |
| Etiquetes: |
Afegir etiqueta
Sense etiquetes, Sigues el primer a etiquetar aquest registre!
|
MARC
| LEADER | 00000nam a2200000 a 4500 | ||
|---|---|---|---|
| 001 | UCS1695 | ||
| 003 | CL-VaPUC | ||
| 008 | 970515e19680000AG |||||||||||||||||spa|d | ||
| 082 | 0 | 4 | |a 346.022 |b MOI |2 21 |
| 100 | |a Moisset de Espanés, Luis |e autor |9 548947 | ||
| 245 | 1 | 0 | |a Interrupción de la prescripción por demanda |
| 300 | |a 90 p | ||
| 942 | |c BK | ||
| 945 | |d 19970515 00:00:00 |a paguirre | ||
| 260 | |a Córdoba |b Universidad Nacional de Córdoba |c 1968 | ||
| 650 | 0 | |a Derecho civil |9 255013 | |
| 650 | 0 | |a Prescripción civil |9 383145 | |
| 650 | 0 | |a Contratos |9 255153 | |
| 650 | 0 | |a Responsabilidad contractual |9 256720 | |
| 650 | 7 | |a DEMANDA |2 CL-VaPUC |9 255172 | |
| 651 | 0 | |a Argentina |9 254888 | |
| 583 | |a last modification |c 19970515 00:00:00 |k Rodrigo Vera | ||
| 999 | |c 259727 |d 259725 | ||
| 952 | |0 0 |1 0 |4 0 |6 346_022000000000000_MOI_1968 |7 0 |8 A |9 284990 |a BIBDER |b BIBDER |d 2019-11-19 |i 3416577 |o 346.022 MOI 1968 |p 3416577 |r 2023-01-25 |w 2019-11-19 |y BK |k DER | ||